Title in the Lyrics - Eminem Songs - Statistics

General Stats
  • This quiz has been taken 493 times
  • The average score is 17 of 30
Answer Stats
Song Lyric % Correct
'Cause we need a little controversy / 'Cause it feels so empty {Without} {Me} / I said this looks like a job for me
97%
You better {Lose} {Yourself} in the music / The moment you own it you better never let it go
95%
Just to chat, truly yours, your biggest fan, this is {Stan} / Dear {Stan}, I meant to write you sooner, but I just been busy
91%
And if you ask me to, Daddy's gonna buy you a {Mockingbird} / I'ma give you the world / I'ma buy a diamond ring for you, I'ma sing for you / I'll do anything for you to see you smile
87%
'Cause I'm {Slim} {Shady}, yes, I'm the real {Shady} / All you other {Slim} {Shady}s are just imitating / So won't {The} {Real} {Slim} {Shady} please stand up / Please stand up, please stand up?
86%
I'm friends with {The} {Monster} that's under my bed / Get along with the voices inside of my head / You're tryin' to save me, stop holdin' your breath
83%
Hi, {My} {Name} {Is}, what? {My} {Name} {Is}, who? / {My} {Name} {Is} chka-chka, Slim Shady / Stop the tape, this kid needs to be locked away / Dr. Dre don't just stand there, operate
80%
'Cause I'm beginnin' to feel like a {Rap} {God}, {Rap} {God} / All my people from the front to the back nod, back nod
79%
Just gonna stand there and hear me cry? / Well that's all right because I {Love} {the} {Way} {You} {Lie}
75%
They call me {Superman}, I'm here to rescue you / I wanna save you, girl, come be in Shady's world
71%
I can swallow a bottle of alcohol and I'll feel like {Godzilla} / Better hit the deck like the card dealer
69%
And I am whatever you say I am / If I wasn't then why would I say I am? / In the paper, the news, every day I am / Ha, I don't know, that's just {The} {Way} {I} {Am}
67%
'{Till} {I} {Collapse} I'm spillin' these raps long as you feel 'em / 'Till the day I drop you'll never say that I'm not killin' em / 'Cause when I am not, then I'ma stop pennin' em / And I am not hip-hop and I'm just not Eminem
67%
I'm {Not} {Afraid} / To take a stand / Everybody / Come take my hand / We'll walk this road together, though the storm / Whatever weather, cold or warm / Just lettin' you know that you're not alone / Holla if you feel like you've been down the same road
62%
And {When} {I'm} {Gone}, just carry on, don't mourn / Rejoice every time you hear the sound of my voice
61%
Now let's get down to {Business} / I don't got no time to play around, what is this?
54%
I've been a liar, been a thief / Been a lover, been a cheat / All my sins need holy water, feel it washing over me / well, little one, I don;t want to admit to something / If all it's gonna cause is pain / The truth and my lies now are falling like the rain / So let the {River} run
52%
{Venom}, (I got that) adrenaline momentum / And I'm not knowin' when I'm / Ever gonna slow up and I'm / Ready to snap any moment I'm / Thinkin' it's time to go get 'em
51%
{White} {America}! I could be one of your kids / {White} {America}! Little Eric looks just like this / {White} {America}! Erica loves my **** / I go to TRL, look how many hugs I get!
47%
But don't let 'em say you ain't {Beautiful}, oh / They can all get f- just stay true to you, so
44%
Step by step, heart to heart / Left, right, left, we all fall down / {Like} {Toy} {Soldiers} / Bit by bit, torn apart / We never win, but the battle wages on / For {Toy} {Soldiers}
44%
I'm a {Space}-{Bound} rocket ship and your heart's the Moon / And I'm aimin' right at you, right at you ?
41%
They say these bars are like COVID / You get 'em right off the bat / And it goes from martian to human / That's how the virus attacks / They come at me with machine guns / It's like trying to fight off a {Gnat}
40%
Say, "**** it!" before we kick the bucket / Life's too short to not go for broke / So everybody, everybody (Go {Berzerk})
35%
I {Walk} {on} {Water} / But I ain't no Jesus / I {Walk} {on} {Water} But only when it freezes
31%
But like a wedding band / You gotta be diamond to even climb in the ring / Anomaly, I'm Muhammad Ali / Cause I knew one day I'm gonna be the / {Greatest} in the world
27%
Keep givin' them hell / Where was you when I fell and needed help up? / You get {No} {Love}
22%
Who can catch lighting in a bottle, set fire to water / Comin' out the nozzle on a fire hose, flyer than swatters? / {Cinderella} {Man} / Smash an hourglass, grab the sand, take his hands and cup 'em / Spit a rhyme to freeze a clock, take the hands of time and cuff 'em / {Cinderella} {Man}
22%
I'm emptyin' my {Book} {of} {Rhymes} / Get 'em all off my pad, every thought that I had
18%
I am {Phenomenal} / With every ounce of my blood / With every ounce of my blood / Won't stop until I'm {phe}-{no}-{menal} / However long that it takes / I'll go to whatever lengths
12%
No matching quizzes found
Score Distribution
Percent of People with Each Score
Percentile by Number Answered
Your Score History
You have not taken this quiz